Emergency Medicine : (Record no. 15230)
[ view plain ]
| 000 -LEADER | |
|---|---|
| fixed length control field | 01805cam a22004094a 4500 |
| 001 - CONTROL NUMBER | |
| control field | 15547837 |
| 005 - DATE AND TIME OF LATEST TRANSACTION | |
| control field | 20100730085253.0 |
| 008 - FIXED-LENGTH DATA ELEMENTS--GENERAL INFORMATION | |
| fixed length control field | 081125s2010 stkab 001 0 eng |
| 010 ## - LIBRARY OF CONGRESS CONTROL NUMBER | |
| LC control number | 2008051270 |
| 015 ## - NATIONAL BIBLIOGRAPHY NUMBER | |
| National bibliography number | GBA961752 |
| Source | bnb |
| 016 7# - NATIONAL BIBLIOGRAPHIC AGENCY CONTROL NUMBER | |
| Record control number | 101490065 |
| Source | DNLM |
| 016 7# - NATIONAL BIBLIOGRAPHIC AGENCY CONTROL NUMBER | |
| Record control number | 015296678 |
| Source | Uk |
| 020 ## - INTERNATIONAL STANDARD BOOK NUMBER | |
| International Standard Book Number | 044306962X |
| 020 ## - INTERNATIONAL STANDARD BOOK NUMBER | |
| International Standard Book Number | 9780443069628 |
| 035 ## - SYSTEM CONTROL NUMBER | |
| System control number | (OCoLC)ocn278980770 |
| 040 ## - CATALOGING SOURCE | |
| Original cataloging agency | DNLM/DLC |
| Transcribing agency | DLC |
| Modifying agency | YDX |
| -- | NLM |
| -- | BTCTA |
| -- | UKM |
| -- | YDXCP |
| -- | DLC |
| 042 ## - AUTHENTICATION CODE | |
| Authentication code | pcc |
| 050 00 - LIBRARY OF CONGRESS CALL NUMBER | |
| Classification number | RC86.7 |
| Item number | .E57835 2010 |
| 082 00 - DEWEY DECIMAL CLASSIFICATION NUMBER | |
| Classification number | 616.025 |
| Edition number | 22 |
| Item number | EME |
| 245 00 - TITLE STATEMENT | |
| Title | Emergency Medicine : |
| Remainder of title | An Illustrated Colour Text / |
| Statement of responsibility, etc | Edited by Paul Atkinson, Richard Kendall, Lee Van Rensburg ; section editor, Duncan McAuley ; foreword by Jerome R. Hoffman. |
| 260 ## - PUBLICATION, DISTRIBUTION, ETC. (IMPRINT) | |
| Place of publication, distribution, etc | Edinburgh ; |
| -- | New York : |
| Name of publisher, distributor, etc | Churchill Livingstone/Elsevier, 2010 |
| Date of publication, distribution, etc | 2010. |
| 300 ## - PHYSICAL DESCRIPTION | |
| Extent | xi, 181 p. : |
| Other physical details | ill. (chiefly col.) ; |
| Dimensions | 30 cm. |
| 500 ## - GENERAL NOTE | |
| General note | Includes index. |
| 504 ## - BIBLIOGRAPHY, ETC. NOTE | |
| Bibliography, etc | Includes bibliographical references and index. |
| 650 #0 - SUBJECT ADDED ENTRY--TOPICAL TERM | |
| Topical term or geographic name as entry element | Emergency medicine. |
| 9 (RLIN) | 23534 |
| 650 #0 - SUBJECT ADDED ENTRY--TOPICAL TERM | |
| Topical term or geographic name as entry element | Emergency medicine |
| Form subdivision | Atlases. |
| 9 (RLIN) | 23535 |
| 650 12 - SUBJECT ADDED ENTRY--TOPICAL TERM | |
| Topical term or geographic name as entry element | Emergency Medicine |
| Form subdivision | Atlases. |
| 9 (RLIN) | 23536 |
| 650 12 - SUBJECT ADDED ENTRY--TOPICAL TERM | |
| Topical term or geographic name as entry element | Emergency Treatment |
| General subdivision | methods |
| Form subdivision | Atlases. |
| 9 (RLIN) | 23537 |
| 650 22 - SUBJECT ADDED ENTRY--TOPICAL TERM | |
| Topical term or geographic name as entry element | Critical Care |
| General subdivision | methods |
| Form subdivision | Atlases. |
| 9 (RLIN) | 23538 |
| 653 ## - INDEX TERM--UNCONTROLLED | |
| Resource For college | |
| Arrived date list | April2011 |
| 700 1# - ADDED ENTRY--PERSONAL NAME | |
| Personal name | Atkinson, Paul, |
| Titles and other words associated with a name | Dr. |
| 9 (RLIN) | 23539 |
| 700 1# - ADDED ENTRY--PERSONAL NAME | |
| Personal name | Kendall, Richard, |
| Titles and other words associated with a name | Dr. |
| 9 (RLIN) | 23540 |
| 700 1# - ADDED ENTRY--PERSONAL NAME | |
| Personal name | Van Rensburg, Lee, |
| Titles and other words associated with a name | FRCS(Orth) |
| 9 (RLIN) | 23541 |
| 942 ## - ADDED ENTRY ELEMENTS (KOHA) | |
| Source of classification or shelving scheme | Dewey Decimal Classification |
| Item type | |
| Withdrawn status | Item status | Source of classification or shelving scheme | Damaged status | Not for loan | Vendor | Home library | Current library | Shelving location | Date acquired | Source of acquisition | Cost, normal purchase price | Serial Enumeration / chronology | Total Checkouts | Total Renewals | Full call number | Barcode | Date last seen | Date last borrowed | Koha item type |
|---|---|---|---|---|---|---|---|---|---|---|---|---|---|---|---|---|---|---|---|
| Dewey Decimal Classification | Osiris | Central Library | Central Library | First floor | 03/05/2011 | 251.00 | 11327 | 5 | 4 | 616.025 EME | 000023511 | 15/07/2025 | 20/10/2022 | Book - Borrowing |